书目信息 |
| 题名: |
词乐曲唱
|
|
| 作者: | 洛地 著 | |
| 分册: | ||
| 出版信息: | 北京 人民音乐出版社 1995 |
|
| 页数: | 374页 | |
| 开本: | 20cm | |
| 丛书名: | ||
| 单 册: | ||
| 中图分类: | J617.553.3 , J617.553 | |
| 科图分类: | ||
| 主题词: | 昆曲--戏曲音乐--研究 , 昆曲 , 戏曲音乐 , 词律--研究--中国 , 词律 | |
| 电子资源: | ||
| ISBN: | 7-103-01263-6 | |
| 000 | 00782nam0 2200277 450 | |
| 001 | 0197009819 | |
| 005 | 20070806175948.01 | |
| 010 | @a7-103-01263-6@dCNY19.70 | |
| 100 | @a20030305e20011995em y0chiy0110 ea | |
| 101 | 0 | @achi |
| 102 | @aCN@b110000 | |
| 105 | @aag z 000yy | |
| 200 | 1 | @a词乐曲唱@9ci yue qu chang@f洛地著 |
| 210 | @a北京@c人民音乐出版社@d1995@h2001 | |
| 215 | @a374页@c折图@d20cm | |
| 330 | @a本书对我国民族文化发展中形成并至今尚存在于昆剧的“唱”中的“曲唱”,作了全面的论述。 | |
| 606 | 0 | @a昆曲@x戏曲音乐@x研究 |
| 606 | 0 | @a昆曲 |
| 606 | 0 | @a戏曲音乐 |
| 606 | 0 | @a词律@x研究@y中国 |
| 606 | 0 | @a词律 |
| 690 | @aJ617.553.3@v4 | |
| 690 | @aJ617.553@v3 | |
| 701 | 0 | @a洛地@9luo di@4著 |
| 801 | 0 | @aCN@bNLC@c20070806 |
| 905 | @a10447@dJ617.553@e541 | |
| 词乐曲唱/洛地著.-北京:人民音乐出版社,1995(2001) |
| 374页:折图;20cm |
| ISBN 7-103-01263-6:CNY19.70 |
| 本书对我国民族文化发展中形成并至今尚存在于昆剧的“唱”中的“曲唱”,作了全面的论述。 |
| ● |
| 相关链接 |
|
|
|
|
正题名:词乐曲唱
索取号:J617.553/541
 
预约/预借
| 序号 | 登录号 | 条形码 | 馆藏地/架位号 | 状态 | 备注 |
| 1 | 0805122 | 208051221 | 第一样本阅览室/ [索取号:J617.553/541] | 在馆 | |
| 2 | 0805123 | 208051230 | 第一借阅区/ [索取号:J617.553/541] | 在馆 | |
| 3 | 0805124 | 208051249 | 第一借阅区/ [索取号:J617.553/541] | 在馆 | |
| 4 | 0805125 | 208051258 | 第一借阅区/ [索取号:J617.553/541] | 在馆 | |
| 5 | 0805126 | 208051267 | 音乐系资料室/ [索取号:J617.553/541] | 在馆 |